Camellia blossom : (Record no. 3113)
[ view plain ]
| 000 -LEADER | |
|---|---|
| fixed length control field | 00521nam a22001937a 4500 |
| 003 - CONTROL NUMBER IDENTIFIER | |
| control field | OSt |
| 005 - DATE AND TIME OF LATEST TRANSACTION | |
| control field | 20140310181749.0 |
| 008 - FIXED-LENGTH DATA ELEMENTS--GENERAL INFORMATION | |
| fixed length control field | 130626t xxu||||| |||| 00| 0 eng d |
| 020 ## - INTERNATIONAL STANDARD BOOK NUMBER | |
| International Standard Book Number | 897055582X |
| 050 ## - LIBRARY OF CONGRESS CALL NUMBER | |
| Classification number | PL 984 |
| Item number | .K49 1972 |
| 082 ## - DEWEY DECIMAL CLASSIFICATION NUMBER | |
| Classification number | IB 951.98 |
| Item number | K56 1972 |
| 245 ## - TITLE STATEMENT | |
| Title | Camellia blossom : |
| Remainder of title | 9 novels including spring spring / |
| Statement of responsibility, etc | Yoo Jung Kim |
| 260 ## - PUBLICATION, DISTRIBUTION, ETC. (IMPRINT) | |
| Place of publication, distribution, etc | Hong Sin Mun Hwa Sa : |
| Name of publisher, distributor, etc | Sn, |
| Date of publication, distribution, etc | c1972. |
| 300 ## - PHYSICAL DESCRIPTION | |
| Extent | 271 p. ; |
| Dimensions | 22 cm. |
| 521 ## - TARGET AUDIENCE NOTE | |
| Target audience note | |
| 541 ## - IMMEDIATE SOURCE OF ACQUISITION NOTE | |
| -- | 1 |
| 562 ## - COPY AND VERSION IDENTIFICATION NOTE | |
| Number of copies | 1 |
| 942 ## - ADDED ENTRY ELEMENTS (KOHA) | |
| Source of classification or shelving scheme | Library of Congress Classification |
| Koha item type | |
| Withdrawn status | Lost status | Source of classification or shelving scheme | Damaged status | Home library | Current library | Shelving location | Date acquired | Total Checkouts | Total Renewals | Full call number | Barcode | Date last seen | Date checked out | Copy number | Price effective from | Koha item type |
|---|---|---|---|---|---|---|---|---|---|---|---|---|---|---|---|---|
| Library of Congress Classification | Luxembourg Library | Luxembourg Library | International Baccalaureate Section | 06/26/2013 | 2 | 1 | PL 984 .K49 1972 | 15569 | 04/29/2024 | 04/29/2024 | 1 | 06/26/2013 | Books |